00451 2200157 4500001002100000005001500021035002000036245008700056100002400143300002600167260004400193082000800237084001400245020002200259990001200281INLIS00000000000255620250605104037 a0010-06250001421 aJurnalistik Asyik :bPanduan Praktis Belajar Menulis Berita /cAhmad Faizin Karimi0 aAhmad Faizin Karimi a152 hlm ;c15 x 23 cm aJakarta :bEsensi Erlangga Group,c2019 a070 a070 AHM j a978-623-7478-03-4 a0754884